000 00640cam a22001934a 4500
005 20250605164210.0
008 250528s ||||||||||||||||||||||||d
035 _a20235
020 _a9602252073
040 _aGR-AtMCL
_bgre
_dGR-AtMCL
_eAACR2
245 1 _aΤο Μελωδοχωριό θέλει Μαέστρο
260 _bΕ.Ρώσση,
_c2004
300 _a28
520 _aΕνα βιβλίο με cd, που γνωρίζει στα παιδιά τις βασικές νότες της μουσικής. Περιέχει CD.
700 1 _aΛαζαρίνη Ακριβή
_96259
942 _cBK
999 _c5369
_d5369